000 00489nam a2200181Ia 4500
005 20250923144226.0
008 008 250917s9999 xx 000 0 eng d
037 _aTextual
040 _aDSWL
_beng
_cDSWL
041 _aeng
_2eng
084 _aL:5u2:N4, H4
_qDSWL
100 _aGrant, J.B
_9822582
245 4 _aThe health of India
_cby J.B Grant
260 _aBombay
_c1944
300 _a32 p.
942 _cTEXL
_hL:5u2:N4, H4
999 _c1436293
_d1436293